000 00401nam a22001697a 4500
005 20160630121302.0
008 160630b xxu||||| |||| 00| 0 eng d
020 _a81-85749-58-2
041 _aeng
082 _b16259
100 _aSingh, Tarlok
_93165
245 _aElectrical Machines
260 _bS.K. Kataria & Sons
_c2012
300 _a361
650 _aDiploma Engineering
_9817
942 _cBK
999 _c4917
_d4915